Les pires joueurs de l'OL depuis 2000 - Statistiques

Statistiques générales
  • Ce quiz a été pris 116 fois
    74 depuis la dernière actualisation
  • Le résultat moyen est 6 sur 15
Statistiques - réponses
Poste Nationalité Joueur % Correct
DC Danois Joachim Andersen
91%
DC Burkinabé Bakary Kone
74%
DG Malienne Youssouf Koné
74%
DG Polonais Marciej Rybus
57%
DC Argentin Emmanuel Mammana
48%
DC Serbe Milan Bisevac
48%
AD/BU Français Claudio Beauvue
40%
MC Sénégalais Pape Cheikh Diop
37%
DC Mauricien Lindsay Rose
29%
DC Français Mapou Yanga Mbiwa
29%
AG/MOC Français Gaël Danic
25%
DC Ghanéen John Mensah
15%
BU Français Jean Philippe Mateta
8%
DD/DG Français Mouhamadou Dabo
6%
BU Français Frédéric Piquionne
5%
Aucun quiz correspondant
Distribution des résultats
% des personnes avec chaque résultat
Percentile par nombre de réponses
Votre historique - résultats
Vous n’avez pas pris ce quiz depuis la dernière actualisation